AH International Schools' Libraries

Little cakes and cookies to bake / (Record no. 48523)

MARC details
000 -LEADER
fixed length control field 00345nam a2200109 4500
020 ## - INTERNATIONAL STANDARD BOOK NUMBER
International Standard Book Number 9781409549369
100 ## - MAIN ENTRY--PERSONAL NAME
Personal name Wheatley, Abigail,
Relator term author.
9 (RLIN) 85286
245 ## - TITLE STATEMENT
Title Little cakes and cookies to bake /
Statement of responsibility, etc by Abigail Wheatley.
260 ## - PUBLICATION, DISTRIBUTION, ETC. (IMPRINT)
Place of publication, distribution, etc London,
Name of publisher, distributor, etc Usborne Publishing Ltd.,
Date of publication, distribution, etc 2012.
300 ## - PHYSICAL DESCRIPTION
Extent 64 pages
Dimensions 8.03 x 0.55 x 9.69 inches.
942 ## - ADDED ENTRY ELEMENTS (KOHA)
Source of classification or shelving scheme
Koha item type Book
Holdings
Withdrawn status Lost status Source of classification or shelving scheme Damaged status Not for loan Home library Current library Date acquired Total Checkouts Full call number Barcode Date last seen Date checked out Price effective from Koha item type
          Logos International School Logos International School 03/03/2025 3 J 641.8 WHE 040455 02/05/2026 01/29/2026 03/03/2025 Book

For any Logos Library related questions please contact Miss Art at swongnarasuk@asianhope.org.

For any Asian Hope Library related questions please contact Miss Raza at graza@asianhope.org.

Powered by Koha